00381nam a22001337a 450000500170000000800410001702000150005808200170007324500640009025000080015426000280016230000130019050000440020320250612025950.0250612b |||||||| |||| 00| 0 eng d a9550480029 222a320bWIJ aAwasthawathaiyada? nirthana panthiye jathiyanthara wadaiya a2nd bMalima Publishersc2011 a142 p ., aA book of proletarian Internationalism?